<?xml version="1.0" encoding="UTF-8"?>
<record
    xmlns:xsi="http://www.w3.org/2001/XMLSchema-instance"
    xsi:schemaLocation="http://www.loc.gov/MARC21/slim http://www.loc.gov/standards/marcxml/schema/MARC21slim.xsd"
    xmlns="http://www.loc.gov/MARC21/slim">

  <leader>00365nam a2200145Ia 4500</leader>
  <controlfield tag="008">150201s2005    xx            000 0 und d</controlfield>
  <datafield tag="082" ind1=" " ind2=" ">
    <subfield code="a">611</subfield>
    <subfield code="b">H2005C</subfield>
  </datafield>
  <datafield tag="100" ind1=" " ind2=" ">
    <subfield code="a">CHAURASIAS,B.D.</subfield>
  </datafield>
  <datafield tag="245" ind1=" " ind2=" ">
    <subfield code="a">HUMAN ANATOMY : HEAD &amp; NECK</subfield>
  </datafield>
  <datafield tag="250" ind1=" " ind2=" ">
    <subfield code="a">4TH</subfield>
  </datafield>
  <datafield tag="260" ind1=" " ind2=" ">
    <subfield code="b">C.B.S PUBLISHERS &amp; DISTRIBUTERS</subfield>
    <subfield code="a">DELHI</subfield>
    <subfield code="c">2005</subfield>
  </datafield>
  <datafield tag="300" ind1=" " ind2=" ">
    <subfield code="a">1-412</subfield>
  </datafield>
  <datafield tag="650" ind1=" " ind2=" ">
    <subfield code="a">ANATOMY</subfield>
  </datafield>
  <datafield tag="942" ind1=" " ind2=" ">
    <subfield code="2">ddc</subfield>
    <subfield code="c">BK</subfield>
    <subfield code="0">25</subfield>
  </datafield>
  <datafield tag="952" ind1=" " ind2=" ">
    <subfield code="0">0</subfield>
    <subfield code="1">0</subfield>
    <subfield code="2">ddc</subfield>
    <subfield code="4">0</subfield>
    <subfield code="7">0</subfield>
    <subfield code="a">FD</subfield>
    <subfield code="b">FD</subfield>
    <subfield code="d">2008-02-18</subfield>
    <subfield code="e">U.B.S.DELHI</subfield>
    <subfield code="g">325.00</subfield>
    <subfield code="h">3</subfield>
    <subfield code="i">SGTU</subfield>
    <subfield code="l">2</subfield>
    <subfield code="o">611 H2005C</subfield>
    <subfield code="p">FD5061</subfield>
    <subfield code="r">2016-11-28 00:00:00</subfield>
    <subfield code="s">2016-11-17</subfield>
    <subfield code="w">2013-01-14</subfield>
    <subfield code="y">BK</subfield>
    <subfield code="k">1023</subfield>
  </datafield>
  <datafield tag="952" ind1=" " ind2=" ">
    <subfield code="0">0</subfield>
    <subfield code="1">0</subfield>
    <subfield code="2">ddc</subfield>
    <subfield code="4">0</subfield>
    <subfield code="7">0</subfield>
    <subfield code="a">FD</subfield>
    <subfield code="b">FD</subfield>
    <subfield code="d">2008-02-18</subfield>
    <subfield code="e">U.B.S.DELHI</subfield>
    <subfield code="g">325.00</subfield>
    <subfield code="h">3</subfield>
    <subfield code="i">SGTU</subfield>
    <subfield code="l">2</subfield>
    <subfield code="o">611 H2005C</subfield>
    <subfield code="p">FD5062</subfield>
    <subfield code="r">2016-12-22 00:00:00</subfield>
    <subfield code="s">2016-11-29</subfield>
    <subfield code="w">2013-01-14</subfield>
    <subfield code="y">BK</subfield>
    <subfield code="k">1023</subfield>
  </datafield>
  <datafield tag="952" ind1=" " ind2=" ">
    <subfield code="0">0</subfield>
    <subfield code="1">0</subfield>
    <subfield code="2">ddc</subfield>
    <subfield code="4">0</subfield>
    <subfield code="7">0</subfield>
    <subfield code="a">FD</subfield>
    <subfield code="b">FD</subfield>
    <subfield code="d">2008-02-18</subfield>
    <subfield code="e">U.B.S.DELHI</subfield>
    <subfield code="g">325.00</subfield>
    <subfield code="h">3</subfield>
    <subfield code="i">SGTU</subfield>
    <subfield code="l">6</subfield>
    <subfield code="o">611 H2005C</subfield>
    <subfield code="p">FD5063</subfield>
    <subfield code="r">2026-04-16 00:00:00</subfield>
    <subfield code="s">2026-03-27</subfield>
    <subfield code="w">2013-01-14</subfield>
    <subfield code="y">BK</subfield>
    <subfield code="k">1023</subfield>
  </datafield>
  <datafield tag="952" ind1=" " ind2=" ">
    <subfield code="0">0</subfield>
    <subfield code="1">0</subfield>
    <subfield code="2">ddc</subfield>
    <subfield code="4">0</subfield>
    <subfield code="7">0</subfield>
    <subfield code="a">FD</subfield>
    <subfield code="b">FD</subfield>
    <subfield code="d">2008-02-18</subfield>
    <subfield code="e">U.B.S.DELHI</subfield>
    <subfield code="g">325.00</subfield>
    <subfield code="h">3</subfield>
    <subfield code="i">SGTU</subfield>
    <subfield code="l">25</subfield>
    <subfield code="o">611 H2005C</subfield>
    <subfield code="p">FD5064</subfield>
    <subfield code="r">2025-05-26 00:00:00</subfield>
    <subfield code="s">2025-05-26</subfield>
    <subfield code="w">2013-01-14</subfield>
    <subfield code="y">BK</subfield>
    <subfield code="k">1023</subfield>
  </datafield>
  <datafield tag="952" ind1=" " ind2=" ">
    <subfield code="0">0</subfield>
    <subfield code="1">0</subfield>
    <subfield code="2">ddc</subfield>
    <subfield code="4">0</subfield>
    <subfield code="7">0</subfield>
    <subfield code="a">FD</subfield>
    <subfield code="b">FD</subfield>
    <subfield code="d">2008-02-18</subfield>
    <subfield code="e">U.B.S.DELHI</subfield>
    <subfield code="g">325.00</subfield>
    <subfield code="h">3</subfield>
    <subfield code="i">SGTU</subfield>
    <subfield code="l">5</subfield>
    <subfield code="o">611 H2005C</subfield>
    <subfield code="p">FD5065</subfield>
    <subfield code="r">2017-03-28 00:00:00</subfield>
    <subfield code="s">2017-03-27</subfield>
    <subfield code="w">2013-01-14</subfield>
    <subfield code="y">BK</subfield>
    <subfield code="k">1023</subfield>
  </datafield>
  <datafield tag="952" ind1=" " ind2=" ">
    <subfield code="0">0</subfield>
    <subfield code="1">0</subfield>
    <subfield code="2">ddc</subfield>
    <subfield code="4">0</subfield>
    <subfield code="7">0</subfield>
    <subfield code="a">FD</subfield>
    <subfield code="b">FD</subfield>
    <subfield code="d">2008-02-18</subfield>
    <subfield code="e">U.B.S.DELHI</subfield>
    <subfield code="g">325.00</subfield>
    <subfield code="h">3</subfield>
    <subfield code="i">SGTU</subfield>
    <subfield code="l">0</subfield>
    <subfield code="o">611 H2005C</subfield>
    <subfield code="p">FD5066</subfield>
    <subfield code="r">2015-02-09 00:00:00</subfield>
    <subfield code="w">2013-01-14</subfield>
    <subfield code="y">BK</subfield>
    <subfield code="k">1023</subfield>
  </datafield>
  <datafield tag="952" ind1=" " ind2=" ">
    <subfield code="0">0</subfield>
    <subfield code="1">0</subfield>
    <subfield code="2">ddc</subfield>
    <subfield code="4">0</subfield>
    <subfield code="7">0</subfield>
    <subfield code="a">FD</subfield>
    <subfield code="b">FD</subfield>
    <subfield code="d">2008-02-18</subfield>
    <subfield code="e">U.B.S.DELHI</subfield>
    <subfield code="g">325.00</subfield>
    <subfield code="h">3</subfield>
    <subfield code="i">SGTU</subfield>
    <subfield code="l">3</subfield>
    <subfield code="o">611 H2005C</subfield>
    <subfield code="p">FD5067</subfield>
    <subfield code="r">2016-11-11 00:00:00</subfield>
    <subfield code="s">2016-11-10</subfield>
    <subfield code="w">2013-01-14</subfield>
    <subfield code="y">BK</subfield>
    <subfield code="k">1023</subfield>
  </datafield>
  <datafield tag="952" ind1=" " ind2=" ">
    <subfield code="0">0</subfield>
    <subfield code="1">0</subfield>
    <subfield code="2">ddc</subfield>
    <subfield code="4">0</subfield>
    <subfield code="7">0</subfield>
    <subfield code="a">FD</subfield>
    <subfield code="b">FD</subfield>
    <subfield code="d">2008-02-18</subfield>
    <subfield code="e">U.B.S.DELHI</subfield>
    <subfield code="g">325.00</subfield>
    <subfield code="h">3</subfield>
    <subfield code="i">SGTU</subfield>
    <subfield code="l">43</subfield>
    <subfield code="o">611 H2005C</subfield>
    <subfield code="p">FD5068</subfield>
    <subfield code="r">2022-06-28 00:00:00</subfield>
    <subfield code="s">2022-06-28</subfield>
    <subfield code="w">2013-01-14</subfield>
    <subfield code="y">BK</subfield>
    <subfield code="k">1023</subfield>
  </datafield>
  <datafield tag="999" ind1=" " ind2=" ">
    <subfield code="c">3978</subfield>
    <subfield code="d">3978</subfield>
  </datafield>
</record>
